| 000 | 01179nam a2200289 c 4500 | ||
|---|---|---|---|
| 003 | BLK | ||
| 005 | 20231103005321.0 | ||
| 008 | 180409b bul|||||r ||||||| ||bul|| | ||
| 010 | _aKNG00101211000 | ||
| 040 | _aBLK | ||
| 041 |
_aBUL _cBUL |
||
| 080 |
_aАмериканска литература (на САЩ) _b821.111(73) _x-312.9 _z821.111(73)-312.9 |
||
| 100 |
_aЗелазни, Роджър _qЗелазни, Роджър Джоузеф Кристофър _d1937-1995 _eпърви автор _9242836 |
||
| 700 | 1 |
_aШекли, Робърт _eсъавт. _9363311 |
|
| 700 | 1 |
_aГерманов, Владимир _eпрев. _9363432 |
|
| 139 |
_aЗелазни, Роджър и др. _bЗ 52 |
||
| 245 | 1 | 0 |
_aДонеси ми главата на принца _bРоман _cРоджър Зелазни; съавт. Робърт Шекли; прев. Владимир Германов. |
| 260 |
_аСофия _bЕра _c2002 |
||
| 300 |
_a288 с. _c20 см |
||
| 380 | _aDX | ||
| 852 | _aЦб 211395 | ||
| 856 | 4 |
_qpdf _u |
|
| 856 | 4 |
_qpdf _u |
|
| 942 |
_cKNG _n0 _06 |
||
| 944 |
_aCR _c01.01.2002 _k _lCRON CRON |
||
| 944 |
_aED _c06.06.2017 _kВиолета_Тройчева |
||
| 999 |
_c96318 _d96318 |
||